| 000 | 01291nam a2200337 a 4500 | ||
|---|---|---|---|
| 001 | 000000233 | ||
| 003 | DO-SdBNP | ||
| 005 | 20240304112901.0 | ||
| 007 | 000000233 | ||
| 008 | 081127s2006 dr a 001 0 spa d | ||
| 020 | _a9993483427 | ||
| 035 | _a(OCoLC)276524514 | ||
| 040 |
_aBPMSU _bspa _cBPMSU |
||
| 049 |
_a _c |
||
| 092 |
_a923.27293 _bD446C, 2006 _222 |
||
| 100 | 1 |
_aCassá, Roberto, _d1948- |
|
| 245 | 1 | 0 |
_aEugenio Deschamps : _btribuno popular / _cRoberto Cassá ; ilustraciones Ramiro Manzano. |
| 250 | _a2a ed. | ||
| 260 |
_aSanto Domingo : _bTobogán , _c2006. |
||
| 300 |
_a53 p. : _bil. ; _c21 cm. |
||
| 490 | 0 | _aBiografías dominicanas Tobogán | |
| 504 | _aBibliografía : p. 53. | ||
| 505 | 0 |
_tPrócer de su generación -- _tEl entorno de los gobiernos azules -- _tLas propuestas de sociedad -- _tRéprobo contra Heureaux -- _tCenit del orador -- _tEl funcionario del partido -- _tLa postrera oposición a Estados Unidos -- _tBibliografía. |
|
| 590 | _aInventariado, 2024/VM | ||
| 600 | 1 | 4 |
_aDeschamps. Eugenio _y1861-1919 _vBiografías |
| 651 | 4 |
_aRepública Domininicana _xHistria |
|
| 651 | 4 |
_aRepública Dominicana _xPolítica y gobierno |
|
| 700 | 1 |
_aManzano, Ramiro, _eil. |
|
| 910 | _aVMateo V. / Validado. Control de calidad BNPHU | ||
| 942 |
_2ddc _cBK |
||
| 999 |
_c7212 _d7212 |
||